000 01506nam0a2200361 i 4500
001 RU\NLR\bibl\1901347
005 20260406151502.0
010 _a9785271377938
_bАстрель
010 _a978-5-17-076183-8
_bАСТ
_940000
021 _aRU
_b2012-29497
_92191
035 _a(NLR Aleph) 001890971
090 _a2919288
_c2919288
100 _a20120510d2011 u y0rusy50 ca
101 0 _arus
102 _aRU
105 _aa |||||||||
200 1 _aСмерть на брудершафт
_hфильма седьмая
_i"Мария", Мария...
_eроман-кино
_fБорис Акунин
_g[худож.: Игорь Сакуров]
210 _aМосква
_cАСТ
_cАстрель
_d2011
215 _a171, [17] c.
_cил.
_d17
225 1 _aРоман-кино
333 _a18+
686 _aЩ374.9(2)"Смерть на брудершафт"
686 _aШ6(2=Р)8-68
700 1 _4070
_8rus
_7ca
_aАкунин
_bБ.
_gБорис
_f1956-
_3RU\NLR\auth\775367
_9115331
702 1 _4040
_8rus
_7ca
_aСакуров
_bИ. А.
_cхудожник
_f1963-
_gИгорь Анатольевич
_3RU\NLR\auth\7799660
_982586
801 0 _aRU
_bNLR
_c20120510
_gRCR
801 1 _aRU
_bNLR
_c20120510
942 _cBOOK
980 _aIA
980 _aNBR
996 _aиноагент
_bp
_cЧхартишвили Григорий Шалвович